The water-babies : Tom's adventures with Ellie

Bibliographic Details
Format: Book
Published: London : Grandreams Limited , 1993
Series:A good night,sleep tight storybook
Subjects:

MARC

LEADER 00000cam a2200000 7i4500
001 0000005600
005 20151222.0
008 070808
020 |a 1858301076 
090 0 0 |a JF   |b FT ENG (7040) 
245 0 4 |a The water-babies :   |b Tom's adventures with Ellie   |c Edited by Melanie J.Clayden 
260 |a London :   |b Grandreams Limited ,   |c 1993 
440 2 |a A good night,sleep tight storybook 
500 |a Children ages 7-9 years old (orange) 
650 0 |a Junior fiction   |x English   |x Languages 
999 |a 0000763178   |b Book   |c Children Collection   |e Cawangan Bandar Penawar 
999 |a 0000763179   |b Book   |c Children Collection   |e Cawangan Bandar Penawar 
999 |a 0000774682   |b Book   |c Children Collection   |e Cawangan Pontian 
999 |a 0000774683   |b Book   |c Children Collection   |e Cawangan Pontian 
999 |a 0000774684   |b Book   |c Children Collection   |e Cawangan Pontian 
999 |a 0000774685   |b Book   |c Children Collection   |e Cawangan Pontian 
999 |a 0000774686   |b Book   |c Children Collection   |e Cawangan Pontian 
999 |a 0000789730   |b Book   |c Children Collection   |e Cawangan Segamat 
999 |a 0000789731   |b Book   |c Children Collection   |e Cawangan Segamat 
999 |a 0000878311   |b Book   |c Children Collection   |e Cawangan Tmn. Ungku Tun Aminah 
999 |a 0000879365   |b Book   |c Children Collection   |e Cawangan Pontian 
999 |a 0000980051   |b Book   |c Children Collection   |e Cawangan Sri Merlong 
999 |a 0000980052   |b Book   |c Children Collection   |e Perbadanan Perpustakaan Awam Johor 
999 |a 0000980053   |b Book   |c Children Collection   |e Perbadanan Perpustakaan Awam Johor 
999 |a 0000980054   |b Book   |c Children Collection   |e Cawangan Bandar Penawar